|
|
|
|
| LEADER |
01132cam a2200313Ia 4500 |
| 001 |
9780203107324 |
| 003 |
FlBoTFG |
| 005 |
20091230162920.0 |
| 006 |
a|||||s||||||||||| |
| 007 |
cr|||| |
| 008 |
950109s1995 enkab sb 001 0 eng d |
| 020 |
|
|
|a 9780203107324 (e-book : PDF)
|
| 040 |
|
|
|a FlBoTFG
|c FlBoTFG
|d GrThAP
|
| 043 |
|
|
|a aw-----
|a e------
|a ff-----
|
| 090 |
|
|
|a DG231
|b .K23 1995
|
| 092 |
|
|
|a 937
|b K156
|
| 100 |
1 |
|
|a Kamm, Antony.
|
| 245 |
1 |
4 |
|a The Romans
|h [electronic resource] :
|b an introduction /
|c Antony Kamm.
|
| 260 |
|
|
|a London ;
|a New York :
|b Routledge,
|c 1995.
|
| 300 |
|
|
|a xii, 224 p. :
|b ill., maps.
|
| 504 |
|
|
|a Includes bibliographical references (p. 208-211) and index.
|
| 530 |
|
|
|a Also available in print edition.
|b CRC Press (http://www.crcpress.com)
|
| 538 |
|
|
|a Mode of access: World Wide Web.
|
| 651 |
|
0 |
|a Rome
|x History
|y Kings, 753-510 B.C.
|
| 651 |
|
0 |
|a Rome
|x History
|y Republic, 510-30 B.C.
|
| 651 |
|
0 |
|a Rome
|x History
|y Empire, 30 B.C.-476 A.D.
|
| 655 |
|
7 |
|a Electronic books.
|2 lcsh
|
| 776 |
1 |
|
|z 9780415120395
|
| 856 |
4 |
0 |
|u http://www.tandfebooks.com/isbn/9780203107324
|z Full Text via HEAL-Link
|